000 00950nam a22003017a 4500
003 CHAP
005 20220329141354.0
008 971013s r 00010 eng d
010 _a67181
011 _a68153
035 _a77625
040 _cCHAP
090 _aB-999
245 0 _aBibliography on host plant resistance and biological control of Heliothis spp.
500 _a(1972-85)
590 _aBATCH-UPD
_b10
_c20130110
_lUCH01
_h0106
590 _aBATCH-UPD
_b10
_c20130110
_lUCH01
_h2027
590 _aBATCH-UPD
_b10
_c20130410
_lUCH01
_h1344
590 _aBATCH-UPD
_b10
_c20130914
_lUCH01
_h1047
590 _aCONVERSION
_b10
_c20130109
_lUCH01
_h1337
650 1 4 _aControl biológico de plagas.
_927587
650 1 4 _aCultivos
_xVariedades resistentes a plagas.
_930336
650 1 4 _aHeliothis.
_953436
650 1 4 _aRelación huesped-parásito.
_995827
901 _aBK
942 _cLIBRO
949 _aB-999
_bBC
_cBIB
_d-30496
_eBIB
_i77625
_si
999 _c67181
_d67181